000 01519cad a22001935a 4500
001 L154619
008 120105e2010 xxk f 000 0 eng d
035 _a(Sirsi) u154619
041 0 _aeng
245 0 0 _aDominion Corporate Trustees Ltd; Dominion Trust Ltd; Fareham Trustees No. 1 Ltd and Fareham Trustees v Debenhams Properties Ltd
_h[electronic resource]
260 _c2010
520 _a[2010] EWHC 1193 (Ch), 27 May 2010. Courts will take a commonsense approach to interpreting contracts so that words are given a meaning that makes good commercial sense. Claimants DF agreed to lease units to Defendant DP in 2007. DF was two days late in paying DP its second premium tranche. DP contended that it was entitled to terminate its agreement with DF for any breach minor or major citing clause 19 as grounds for cancelling the entire agreement. DF sought to terminate the agreement following DP's contention and its refusal to proceed with the agreement. "Held": court found against DP. DP was in fundamental breach and was liable for damages based on the losses suffered by DF.
590 _aKA
650 2 4 _aDOMINION CORPORATE TRUSTEES LTD AND ORS V DEBENHAMS PROPERTIES LIMITED
651 4 _aEngland and Wales
_y1543-
690 _aPROPERTY-COMMERCIAL PROPERTY-LEASEHOLD COMMERCIAL PROPERTY-COMMERCIAL LANDLORD AND TENANT-COMMERCIAL LEASES-BREACHING COMMERCIAL LEASES
856 4 0 _uhttps://www.bailii.org/ew/cases/EWHC/Ch/2010/1193.html
_zView the law report free of charge at www.bailii.org
942 _n0
999 _c113070
_d113070